000 00703nam a2200241Ia 4500
003 OSt
005 20220918181906.0
006 a|||||r|||| 00| 0
007 ta
008 220917b |||||||| |||| 00| 0 eng d
024 _a29,144
037 _cTextual
040 _aARTS
_cARTS
_beng
041 _2eng
_aeng
082 _aO111,2 J64x0gO-,1H40, M5
100 _aDonaldson E Talbet
_959420
245 0 _aSwan at the well
_b Shakespeare reading Chaucer
260 _aN Haven
_bHeaven yale OUniv
_c1985
300 _aix, 165p.
_ccm.
650 _aENGLISH LITERATURE
942 _hO111,2 J64x0gO-,1H40, M5
_cTEXL
_2CC
999 _c167160
_d167160